[Event "Raesfeld- Bochum 2"]
[Site "?"]
[Date "2023.10.22"]
[Round "2.7"]
[White "Hinkmann, Jens"]
[Black "Greifenberg, Daniel"]
[Result "1/2-1/2"]
[WhiteElo "2082"]
[BlackElo "2097"]
[PlyCount "62"]
[EventDate "2023.??.??"]

1. e4 c6 2. d4 d5 3. e5 c5 4. dxc5 Nc6 5. Nf3 Bg4 6. Bb5 e6 7. Be3 Nge7 8. c3 a6 9. Ba4 g6 10. Nbd2 Bg7 11. h3 Bxf3 12. Nxf3 O-O 13. Bxc6 bxc6 14. Bd4 Qb8 15. Qe2 a5 16. O-O a4 17. Rab1 Nc8 18. Rfe1 Na7 19. Nh2 Nb5 20. Qe3 Ra7 21. Ng4 Rb7 22. b4 Na3 23. Rbc1 Nc4 24. Qg3 h5 25. Ne3 Nb2 26. Nf1 Kh7 27. Rc2 Nc4 28. Rce2 Bh6 29. Qd3 Rg8 30. g4 hxg4 31. hxg4 Rh8 1/2-1/2

[Event "Sterkrade- Münster 3"]
[Site "?"]
[Date "2023.10.22"]
[Round "2.3"]
[White "Molinaroli, Martin"]
[Black "Aulich, Marcell"]
[Result "1/2-1/2"]
[WhiteElo "2064"]
[BlackElo "2210"]
[PlyCount "53"]
[EventDate "2023.??.??"]

1. b3 b6 2. Bb2 Bb7 3. Nf3 e6 4. c4 Nf6 5. e3 Be7 6. Be2 O-O 7. O-O c5 8. d4 d5 9. cxd5 Bxd5 10. Nc3 Bb7 11. Rc1 Nc6 12. dxc5 Bxc5 13. a3 Qxd1 14. Rfxd1 Rfd8 15. b4 Be7 16. Kf1 Kf8 17. h3 Rac8 18. g4 h6 19. Rxd8+ Rxd8 20. Nb5 a5 21. bxa5 bxa5 22. Nfd4 Nxd4 23. Bxd4 Nd5 24. a4 Rc8 25. Rxc8+ Bxc8 26. Na7 Bb7 27. Bb5 1/2-1/2

[Event "Sterkrade- Münster 3"]
[Site "?"]
[Date "2023.10.22"]
[Round "2.4"]
[White "Grewe, Ludger"]
[Black "Baumann, Stephan"]
[Result "1-0"]
[WhiteElo "2150"]
[BlackElo "2058"]
[PlyCount "81"]
[EventDate "2023.??.??"]

1. e4 e5 2. Nf3 Nc6 3. Bb5 Bc5 4. Nc3 Nf6 5. Nxe5 Nxe5 6. d4 a6 7. Be2 Bd6 8. f4 Nc6 9. e5 Bb4 10. d5 Ne4 11. Qd3 Nc5 12. Qg3 Ne7 13. Qxg7 Rf8 14. O-O Bxc3 15. bxc3 Nxd5 16. f5 Qe7 17. Bg5 f6 18. Bh5+ Kd8 19. Bh6 Qxg7 20. Bxg7 fxe5 21. Bxf8 Ne4 22. Rae1 Ndf6 23. Bf7 d6 24. Re3 Bd7 25. g4 Bc6 26. h3 Ng5 27. Bb3 Ke8 28. Bg7 Nd5 29. Bxd5 Bxd5 30. Bxe5 Kf7 31. Bf4 Ne4 32. Rfe1 Re8 33. g5 Bc6 34. c4 b5 35. cxb5 axb5 36. Kh2 d5 37. Ra3 Ra8 38. Ree3 d4 39. Rxa8 Bxa8 40. Ra3 Bd5 41. Ra7 1-0

[Event "Sterkrade- Münster 3"]
[Site "?"]
[Date "2023.10.22"]
[Round "2.5"]
[White "Wieder, Heiner"]
[Black "Kuckling, Hannah"]
[Result "1/2-1/2"]
[WhiteElo "2082"]
[BlackElo "2068"]
[PlyCount "45"]
[EventDate "2023.??.??"]

1. e4 c5 2. Nf3 e6 3. d4 cxd4 4. Nxd4 Nc6 5. Nc3 Qc7 6. Be3 a6 7. Bd3 b5 8. O-O Bb7 9. Kh1 Nf6 10. f4 d6 11. f5 Nxd4 12. Bxd4 e5 13. Be3 b4 14. Nd5 Nxd5 15. exd5 Bxd5 16. Bb5+ Bc6 17. Bxc6+ Qxc6 18. f6 gxf6 19. Rxf6 Be7 20. Rxf7 Kxf7 21. Qh5+ Ke6 22. Qg4+ Kf7 23. Qh5+ 1/2-1/2

[Event "Sterkrade- Münster 3"]
[Site "?"]
[Date "2023.10.22"]
[Round "2.7"]
[White "Ollech, Dirk"]
[Black "Finke, Tobias"]
[Result "1/2-1/2"]
[WhiteElo "1936"]
[BlackElo "2049"]
[PlyCount "29"]
[EventDate "2023.??.??"]

1. Nf3 Nf6 2. g3 d5 3. c4 c6 4. b3 g6 5. Bb2 Bg7 6. Bg2 O-O 7. O-O Re8 8. d4 Bf5 9. Nbd2 Ne4 10. Re1 Nxd2 11. Nxd2 Na6 12. Rc1 Qd7 13. Ba1 Rad8 14. cxd5 cxd5 15. Nf3 1/2-1/2

[Event "Erkenschwick 2- Südlohn"]
[Site "?"]
[Date "2023.10.22"]
[Round "2.1"]
[White "Mamedov, Aflatun"]
[Black "Homs, Guust"]
[Result "1-0"]
[WhiteElo "2156"]
[BlackElo "2166"]
[PlyCount "69"]
[EventDate "2023.??.??"]

1. Nf3 d5 2. d4 Nf6 3. c4 e6 4. Nc3 c5 5. cxd5 Nxd5 6. e4 Nxc3 7. bxc3 cxd4 8. cxd4 Bb4+ 9. Bd2 Bxd2+ 10. Qxd2 O-O 11. Be2 b6 12. O-O Bb7 13. Qf4 Nc6 14. Rfd1 Rc8 15. Rd2 Ne7 16. Rad1 Ng6 17. Qe3 Qd6 18. e5 Qd5 19. Ne1 Ne7 20. Qa3 Nc6 21. Bf3 Qa5 22. Qe3 Nd8 23. Bxb7 Nxb7 24. d5 exd5 25. e6 fxe6 26. Qxe6+ Kh8 27. Nf3 h6 28. h4 Rcd8 29. Ne5 Rfe8 30. Nf7+ Kg8 31. Qg6 Rc8 32. Nxh6+ Kh8 33. Nf7+ Kg8 34. Ng5 Re1+ 35. Rxe1 1-0

[Event "Erkenschwick 2- Südlohn"]
[Site "?"]
[Date "2023.10.22"]
[Round "2.2"]
[White "Schulz, Dennis"]
[Black "Kolakovic, Klaudio"]
[Result "1/2-1/2"]
[WhiteElo "1887"]
[BlackElo "2033"]
[PlyCount "80"]
[EventDate "2023.??.??"]

1. d4 Nf6 2. c4 g6 3. Nf3 Bg7 4. g3 O-O 5. Bg2 d6 6. Nc3 Nc6 7. O-O e5 8. dxe5 Nxe5 9. Nxe5 dxe5 10. Qxd8 Rxd8 11. Bg5 Rf8 12. Nb5 c6 13. Nd6 h6 14. Be3 Rd8 15. Nxc8 Rdxc8 16. Rfd1 Bf8 17. h3 Rc7 18. Rd3 Nd7 19. Rad1 Nc5 20. Rd8 Rxd8 21. Rxd8 Ne6 22. Ra8 Kg7 23. Bxa7 Rd7 24. e3 Rd1+ 25. Bf1 Ng5 26. Kg2 Rd2 27. Bb8 Ne4 28. Bxe5+ f6 29. Bc3 Rxf2+ 30. Kg1 Rc2 31. Bg2 Rc1+ 32. Kh2 Nxc3 33. bxc3 Rxc3 34. Rb8 Bd6 35. Rxb7+ Kf8 36. Bxc6 Rxe3 37. Bg2 Bxg3+ 38. Kg1 Rc3 39. Bf1 Rc2 40. Bd3 Rxa2 1/2-1/2

[Event "Erkenschwick 2- Südlohn"]
[Site "?"]
[Date "2023.10.22"]
[Round "2.3"]
[White "Teloeken, Andreas"]
[Black "Trzaska, Peter"]
[Result "0-1"]
[WhiteElo "2074"]
[BlackElo "2095"]
[PlyCount "62"]
[EventDate "2023.??.??"]

1. Nf3 d5 2. e3 c6 3. c4 Nf6 4. Nc3 Bf5 5. Qb3 Qb6 6. Na4 Qxb3 7. axb3 Nbd7 8. cxd5 Nxd5 9. d3 Nb4 10. Kd2 e5 11. Be2 Be7 12. e4 Be6 13. Bd1 O-O-O 14. Ke2 f5 15. Bg5 Rhe8 16. Nc3 Nc5 17. Be3 Nbxd3 18. Ng5 Nf4+ 19. Bxf4 exf4 20. Nxe6 Nxe6 21. exf5 Nd4+ 22. Kf1 Kb8 23. g4 h5 24. gxh5 Nxf5 25. Rg1 Rd2 26. Rg4 Bd6 27. Rg5 Nh4 28. Rxg7 Bc5 29. Be2 f3 30. Re1 fxe2+ 31. Nxe2 Nf3 0-1

[Event "Erkenschwick 2- Südlohn"]
[Site "?"]
[Date "2023.10.22"]
[Round "2.4"]
[White "Eggenstein, Frank"]
[Black "Engels, Natia"]
[Result "0-1"]
[WhiteElo "1967"]
[BlackElo "2089"]
[PlyCount "112"]
[EventDate "2023.??.??"]

1. e4 c5 2. Nf3 Nc6 3. Bb5 Nd4 4. Nxd4 cxd4 5. c3 dxc3 6. Nxc3 a6 7. Ba4 g6 8. d4 Bg7 9. O-O h5 10. Bf4 b5 11. Bb3 Bb7 12. Re1 Nh6 13. Qd2 d6 14. Rad1 e6 15. h3 Qd7 16. a3 Kf8 17. d5 e5 18. Be3 f6 19. f4 Kg8 20. Ne2 Kh7 21. fxe5 fxe5 22. Kh1 Raf8 23. Rf1 Bc8 24. Ng1 Ng4 25. Bg5 Nf6 26. Bc2 Qc7 27. Bd3 h4 28. Rc1 Qd7 29. Bxf6 Bxf6 30. Nf3 Qd8 31. Rc2 Be7 32. Qe3 Bd7 33. Be2 Rf4 34. Qd3 Rhf8 35. Rcc1 g5 36. Nh2 Qb6 37. Bf3 b4 38. Qb3 a5 39. Rfe1 Rb8 40. axb4 Bd8 41. Rc4 axb4 42. Ra1 Kh8 43. Bg4 Be8 44. Nf3 Qf2 45. Rxb4 Rxg4 46. hxg4 h3 47. gxh3 Rxb4 48. Qxb4 Qxf3+ 49. Kh2 Qf2+ 50. Kh1 Bb6 51. Qe1 Qf3+ 52. Kh2 Bf2 53. Qf1 Bb5 54. Qg2 Qf4+ 55. Kh1 Bd3 56. Ra4 Bd4 0-1

[Event "Erkenschwick 2- Südlohn"]
[Site "?"]
[Date "2023.10.22"]
[Round "2.5"]
[White "Doennebrink, Elmar"]
[Black "Al Marawi, Abdulhadi"]
[Result "1/2-1/2"]
[WhiteElo "2090"]
[BlackElo "2036"]
[PlyCount "67"]
[EventDate "2023.??.??"]

1. e4 e6 2. d4 d5 3. Nc3 Nf6 4. Bg5 Be7 5. e5 Nfd7 6. Bxe7 Qxe7 7. f4 a6 8. Nf3 c5 9. Qd2 cxd4 10. Nxd4 Nc6 11. Be2 Qb4 12. O-O-O Nxd4 13. Qxd4 Qxd4 14. Rxd4 b6 15. Bf3 Bb7 16. Re1 Rc8 17. Rb4 Bc6 18. Rd4 b5 19. Be2 Ke7 20. Bf1 Nc5 21. g3 Rc7 22. Kd1 Rb8 23. b4 Nd7 24. Nb1 Nb6 25. Nd2 Na4 26. Nb3 Be8 27. Bd3 Rbc8 28. Kd2 Kd7 29. Rf1 Kc6 30. Re1 Kb6 31. Rf1 Nc3 32. Ra1 Na4 33. Re1 Nc3 34. Ra1 1/2-1/2

[Event "Erkenschwick 2- Südlohn"]
[Site "?"]
[Date "2023.10.22"]
[Round "2.6"]
[White "Strozewski, Frank"]
[Black "Funke, Reinhard"]
[Result "0-1"]
[WhiteElo "2074"]
[BlackElo "2075"]
[PlyCount "132"]
[EventDate "2023.??.??"]

1. c4 Nf6 2. d4 e6 3. Nc3 d5 4. Bf4 Be7 5. e3 O-O 6. Bd3 dxc4 7. Bxc4 a6 8. Nge2 c5 9. O-O b5 10. Bb3 Bb7 11. dxc5 Bxc5 12. Rc1 Qe7 13. Qc2 Nbd7 14. Rfd1 Rac8 15. Qb1 Rfd8 16. a3 Nf8 17. h3 Ng6 18. Bg3 Bb6 19. Bc2 Nh5 20. Be4 Nxg3 21. Nxg3 Rxd1+ 22. Rxd1 Bxe4 23. Qxe4 f5 24. Qd3 Rd8 25. Qc2 Rxd1+ 26. Qxd1 Ne5 27. Qb3 g6 28. a4 b4 29. Nce2 Kf7 30. Nf4 Qd6 31. Qc2 Qc5 32. Qb3 Qc4 33. Qxc4 Nxc4 34. Nd3 a5 35. b3 Nd2 36. Nc1 e5 37. Nf1 Ne4 38. Nd3 Ke6 39. Nb2 Kd5 40. Nc4 Bc7 41. Nfd2 Nc5 42. Nb2 e4 43. Kf1 Be5 44. Nbc4 Nxb3 45. Nb6+ Kc6 46. Nxb3 Kxb6 47. Ke2 Bc7 48. Kd2 Kc6 49. h4 Kd5 50. Kc2 h6 51. g3 Bb6 52. Nd2 g5 53. hxg5 hxg5 54. Kb3 Bd8 55. Nc4 Bc7 56. Nd2 f4 57. gxf4 gxf4 58. Nc4 f3 59. Nd2 Bh2 60. Nc4 Bg1 61. Nxa5 Bxf2 62. Kc2 Bxe3 63. Kd1 Kd4 64. Nc6+ Kc3 65. Ne7 b3 66. Nd5+ Kd3 0-1

[Event "Erkenschwick 2- Südlohn"]
[Site "?"]
[Date "2023.10.22"]
[Round "2.7"]
[White "Teloeken, Daniel"]
[Black "Riechenberg, Maximilian"]
[Result "1-0"]
[WhiteElo "1887"]
[BlackElo "1964"]
[PlyCount "53"]
[EventDate "2023.??.??"]

1. c4 c5 2. g3 Nc6 3. Bg2 g6 4. Nc3 Bg7 5. a3 d6 6. Rb1 a5 7. d3 e6 8. e4 Nge7 9. Nge2 O-O 10. O-O f5 11. Be3 e5 12. Nd5 Nxd5 13. cxd5 Nd4 14. Bxd4 cxd4 15. f4 fxe4 16. dxe4 Qb6 17. Kh1 Bd7 18. b4 Bb5 19. Rf3 Qa6 20. Nc1 a4 21. Bh3 Bh6 22. Be6+ Kh8 23. Rb2 exf4 24. Rbf2 g5 25. gxf4 gxf4 26. Rh3 Rf6 27. Rxh6 1-0

[Event "Erkenschwick 2- Südlohn"]
[Site "?"]
[Date "2023.10.22"]
[Round "2.8"]
[White "Jungbluth, Rolf"]
[Black "Wittek, Felix"]
[Result "1/2-1/2"]
[WhiteElo "2056"]
[BlackElo "1436"]
[PlyCount "127"]
[EventDate "2023.??.??"]

1. c4 e5 2. Nc3 Nf6 3. g3 Be7 4. Bg2 c6 5. d4 d6 6. e4 Be6 7. d5 cxd5 8. cxd5 Bd7 9. Qb3 Na6 10. Nge2 Nc5 11. Qd1 Qc8 12. h3 a5 13. Be3 b5 14. Bxc5 Qxc5 15. Rc1 Qa7 16. O-O O-O 17. Qd2 b4 18. Nd1 Bb5 19. Re1 Nd7 20. Rc2 Nc5 21. Nc1 Bd8 22. Kh2 Bb6 23. Ne3 a4 24. b3 axb3 25. axb3 Qd7 26. Nc4 Bxc4 27. Rxc4 Rfc8 28. Qc2 Rc7 29. Bf1 Na6 30. Rd1 Rxc4 31. Bxc4 Bd4 32. Qe2 Nc5 33. Qf3 Bb2 34. Ne2 Ra3 35. Rd2 Bc3 36. Nxc3 bxc3 37. Re2 h6 38. Qxc3 Qb7 39. Qb2 Qb4 40. Re3 Na4 41. Qe2 Nb6 42. Qg4 Nxc4 43. Qc8+ Kh7 44. Qxc4 Qxc4 45. bxc4 Ra2 46. Kg2 Rc2 47. Ra3 Rxc4 48. Kf3 Rc7 49. Ra6 Rd7 50. Kg4 g6 51. h4 h5+ 52. Kf3 Kg7 53. g4 hxg4+ 54. Kxg4 Kh6 55. f4 exf4 56. Kxf4 f6 57. Ra8 Kg7 58. Re8 Kf7 59. Re6 Rd8 60. Kg4 Re8 61. Rxd6 Rxe4+ 62. Kg3 Rd4 63. Rd7+ Kf8 64. Kh3 1/2-1/2

[Event "Bochume II - Holsterhausen"]
[Site "?"]
[Date "2023.11.12"]
[Round "3.1"]
[White "Schwalen, Peter"]
[Black "Kraemer, Matthias"]
[Result "0-1"]
[WhiteElo "2101"]
[BlackElo "2254"]
[PlyCount "78"]
[EventDate "2023.??.??"]

1. e4 e5 2. Nf3 Nc6 3. Bb5 Nge7 4. O-O Ng6 5. d4 exd4 6. Nxd4 Be7 7. Nc3 O-O 8. Nd5 Nxd4 9. Nxe7+ Qxe7 10. Qxd4 d6 11. f3 f5 12. Bd2 fxe4 13. Rae1 Qe5 14. Bc4+ Kh8 15. Rxe4 Qxd4+ 16. Rxd4 Bf5 17. Bb3 Rad8 18. Ra4 a6 19. Re1 c5 20. Bd5 Bxc2 21. Ra3 Rb8 22. Re6 Bf5 23. Re1 Bd7 24. Bc3 Rfe8 25. Re4 Rxe4 26. Bxe4 Ne7 27. Be1 d5 28. Bc2 Re8 29. Bf2 d4 30. Ra5 Bb5 31. Be4 b6 32. Ra3 Ng6 33. b4 Nf4 34. bxc5 bxc5 35. h4 Ne2+ 36. Kh2 Nc3 37. Bb7 Re6 38. Rb3 h6 39. a3 Bc4 0-1

[Event "Bochum II - Holsterhausen"]
[Site "?"]
[Date "2023.11.12"]
[Round "3.2"]
[White "Heinbuch, Detlef Ulrich"]
[Black "Walbaum, Klaus"]
[Result "1-0"]
[WhiteElo "2254"]
[BlackElo "2104"]
[PlyCount "92"]
[EventDate "2023.??.??"]

1. c4 Nf6 2. Nc3 c5 3. g3 e6 4. Nf3 a6 5. Bg2 Qc7 6. O-O Be7 7. b3 O-O 8. Bb2 b6 9. e4 d6 10. d4 cxd4 11. Nxd4 Bb7 12. Rc1 Nbd7 13. Qe2 Rfd8 14. Rfd1 Rac8 15. h3 Qb8 16. Nc2 Bf8 17. Ne3 Qa8 18. f3 Qb8 19. Kh2 Bc6 20. Nc2 Bb7 21. Ne3 Bc6 22. Bf1 Bb7 23. Rc2 Nh5 24. f4 Nhf6 25. Ng4 Nxg4+ 26. hxg4 g5 27. Rcd2 gxf4 28. gxf4 b5 29. Qf3 b4 30. Ne2 Nc5 31. Ng3 Qa8 32. Bg2 Be7 33. g5 a5 34. Re2 Rc7 35. Nh5 d5 36. exd5 exd5 37. Rxe7 Rxe7 38. Nf6+ Kf8 39. Nxh7+ Ke8 40. Nf6+ Kf8 41. cxd5 Qb8 42. Qf2 Qd6 43. Bd4 Nd7 44. Nxd7+ Qxd7 45. Qh4 f5 46. Qh8+ Kf7 1-0

[Event "Bochum II - Holsterhausen"]
[Site "?"]
[Date "2023.11.12"]
[Round "3.3"]
[White "Sicars, Thorsten"]
[Black "Pewny, Uwe"]
[Result "0-1"]
[WhiteElo "2027"]
[BlackElo "2220"]
[PlyCount "96"]
[EventDate "2023.??.??"]

1. c4 e5 2. Nc3 Nc6 3. e3 Nf6 4. Nf3 Bb4 5. Qc2 Bxc3 6. bxc3 e4 7. Ng5 d5 8. cxd5 Qxd5 9. h4 Ne5 10. Qb3 Nd3+ 11. Bxd3 exd3 12. Ba3 h6 13. Qxd5 Nxd5 14. Nf3 Nb6 15. Ne5 Bf5 16. Rb1 f6 17. Nf3 Nc4 18. Bc1 O-O-O 19. Nd4 Be4 20. f3 Bd5 21. e4 Rhe8 22. Kf2 Bg8 23. Nf5 Rd7 24. h5 c5 25. Rb5 b6 26. a4 Kc7 27. Rb1 Be6 28. Ng3 Rf8 29. Re1 Rdf7 30. Nf1 f5 31. exf5 Bxf5 32. Ne3 Be6 33. Nxc4 Bxc4 34. a5 Kc6 35. axb6 axb6 36. Ra1 Rf5 37. Ra7 R8f7 38. Ree7 Rxe7 39. Rxe7 Rxh5 40. Kg1 Rg5 41. Kf2 Rg6 42. Re4 Kb5 43. Rf4 Re6 44. Kf1 g5 45. Rf8 Ka4 46. Ra8+ Kb3 47. Ra3+ Kc2 48. Ra1 Re2 0-1

[Event "Bochum II - Holsterhausen"]
[Site "?"]
[Date "2023.11.12"]
[Round "3.4"]
[White "Schaefers, Andreas"]
[Black "Kortenbusch, Christoph"]
[Result "0-1"]
[WhiteElo "1995"]
[BlackElo "2069"]
[PlyCount "52"]
[EventDate "2023.??.??"]

1. Nf3 c5 2. c4 Nf6 3. g3 g6 4. Bg2 Bg7 5. O-O Nc6 6. Nc3 O-O 7. d4 cxd4 8. Nxd4 Ng4 9. e3 d6 10. b3 Bd7 11. Bb2 Nxd4 12. exd4 Rb8 13. Re1 Re8 14. Rc1 Qa5 15. a3 Qh5 16. h3 Nf6 17. b4 b6 18. b5 Qxd1 19. Rexd1 Rbc8 20. Na2 d5 21. cxd5 Bxb5 22. Nc3 Ba6 23. a4 Red8 24. a5 Bc4 25. axb6 axb6 26. Na4 Bb3 0-1

[Event "Bochum II - Holsterhausen"]
[Site "?"]
[Date "2023.11.12"]
[Round "3.5"]
[White "Bobzin, Pierre"]
[Black "Goralski, Christian"]
[Result "1/2-1/2"]
[WhiteElo "2086"]
[BlackElo "2106"]
[PlyCount "40"]
[EventDate "2023.??.??"]

1. Nf3 d5 2. g3 Bg4 3. Bg2 Nd7 4. O-O e6 5. d3 Bd6 6. Nbd2 Ne7 7. e4 O-O 8. a4 c5 9. h3 Bh5 10. g4 Bg6 11. Nh4 Qc7 12. Re1 Rfe8 13. Qe2 Rac8 14. Ndf3 dxe4 15. dxe4 Nc6 16. Nxg6 hxg6 17. c3 Nce5 18. Nxe5 Nxe5 19. Bf4 c4 20. Bxe5 Bxe5 1/2-1/2

[Event "Bochum II - Holsterhausen"]
[Site "?"]
[Date "2023.11.12"]
[Round "3.6"]
[White "Hinkmann, Jens"]
[Black "Lindenmaier, Reinhard"]
[Result "1-0"]
[WhiteElo "2082"]
[BlackElo "2049"]
[PlyCount "65"]
[EventDate "2023.??.??"]

1. e4 Nf6 2. Nc3 d5 3. e5 d4 4. Nce2 Ng4 5. f4 h5 6. Nf3 c5 7. b4 e6 8. h3 Nh6 9. g4 Be7 10. Ng3 h4 11. Ne2 Nc6 12. bxc5 Bxc5 13. d3 Ng8 14. Bg2 Nge7 15. Ng5 Nd5 16. O-O Ne3 17. Bxe3 dxe3 18. c3 Bd7 19. d4 Be7 20. Ne4 Na5 21. Qd3 Qc7 22. Qxe3 Nc4 23. Qd3 Rc8 24. Nc5 Bc6 25. Nxe6 fxe6 26. Qxc4 Bxg2 27. Qxc7 Rxc7 28. Kxg2 Kd7 29. Kf3 b5 30. f5 Bg5 31. fxe6+ Kxe6 32. Ke4 Rd8 33. d5+ 1-0

[Event "Bochum II - Holsterhausen"]
[Site "?"]
[Date "2023.11.12"]
[Round "3.7"]
[White "Heidarnezhad, Ben-Ali"]
[Black "Peters, Michael"]
[Result "1/2-1/2"]
[WhiteElo "1940"]
[BlackElo "2002"]
[PlyCount "36"]
[EventDate "2023.??.??"]

1. e4 d6 2. d4 c6 3. Be3 Nd7 4. Qd2 e5 5. Bc4 Ngf6 6. f3 b5 7. Bd3 Bb7 8. Ne2 Be7 9. Ng3 O-O 10. Nf5 Re8 11. O-O Bf8 12. c4 a6 13. d5 cxd5 14. cxd5 Kh8 15. g4 g6 16. Ng3 Ng8 17. Nc3 Qh4 18. Bg5 Bh6 1/2-1/2

[Event "Bochum II - Holsterhausen"]
[Site "?"]
[Date "2023.11.12"]
[Round "3.8"]
[White "Hart, Klaus"]
[Black "Billaudelle, Frank"]
[Result "1-0"]
[WhiteElo "1817"]
[BlackElo "1860"]
[PlyCount "61"]
[EventDate "2023.??.??"]

1. Nf3 f5 2. b3 Nf6 3. Bb2 g6 4. c4 Bg7 5. g3 d6 6. d4 O-O 7. Bg2 c6 8. O-O Nbd7 9. Nbd2 h6 10. Nh4 Qe8 11. e4 Nh7 12. f4 e6 13. exf5 exf5 14. Re1 Qf7 15. Qc2 Bf6 16. d5 Bxb2 17. Qxb2 Nc5 18. Qd4 g5 19. b4 Bd7 20. bxc5 gxh4 21. dxc6 Bxc6 22. cxd6 Bxg2 23. Kxg2 b6 24. Re7 Qf6 25. Qd5+ Kh8 26. Rae1 Qg6 27. R1e6 Nf6 28. Qe5 hxg3 29. hxg3 Kg8 30. Nf3 Rf7 31. Nh4 1-0

[Event "Langenfeld- Katernberg 3"]
[Site "?"]
[Date "2023.11.12"]
[Round "3.1"]
[White "Krueger, Erich"]
[Black "Rechmann, Peter"]
[Result "1-0"]
[WhiteElo "2160"]
[BlackElo "2255"]
[PlyCount "59"]
[EventDate "2023.??.??"]

1. d4 Nf6 2. c4 c5 3. d5 e5 4. Nc3 d6 5. e4 Nbd7 6. Nf3 Be7 7. Be2 O-O 8. O-O Ne8 9. a3 g6 10. Bh6 Ng7 11. Qd2 Nf6 12. Ne1 Kh8 13. b4 Ng8 14. Be3 b6 15. Nd3 f5 16. f4 fxe4 17. Nxe4 exf4 18. Nxf4 Bf5 19. Bf3 Qd7 20. Rad1 Rae8 21. Nf2 g5 22. Ne6 Nxe6 23. dxe6 Bxe6 24. bxc5 bxc5 25. Bxc5 Bf6 26. Qxd6 Qxd6 27. Bxd6 Bxc4 28. Bxf8 Bxf1 29. Bc5 Bb5 30. Bxa7 {ZÜ} 1-0

[Event "Langenfeld- Katernberg 3"]
[Site "?"]
[Date "2023.11.12"]
[Round "3.2"]
[White "Keller, Karsten"]
[Black "Rosen, Willy"]
[Result "1/2-1/2"]
[WhiteElo "2200"]
[BlackElo "2095"]
[PlyCount "94"]
[EventDate "2023.??.??"]

1. Nf3 c5 2. c4 Nc6 3. d4 cxd4 4. Nxd4 g6 5. e4 Nf6 6. Nc3 d6 7. Be2 Nxd4 8. Qxd4 Bg7 9. O-O O-O 10. Bg5 Be6 11. Qe3 Re8 12. Rac1 Qa5 13. f4 Qb6 14. Qxb6 axb6 15. b3 Ra5 16. h3 Nd7 17. a4 Nc5 18. f5 Bxc3 19. Rxc3 Nxe4 20. fxe6 Nxg5 21. exf7+ Nxf7 22. Bf3 Nd8 23. Bd5+ Kg7 24. Re3 Rc5 25. g4 Rc7 26. Ra1 e6 27. Bg2 Nc6 28. Rd1 Rd7 29. h4 e5 30. g5 Rdd8 31. Red3 Nd4 32. Bxb7 Rf8 33. Ra1 Rd7 34. Bd5 Ne2+ 35. Kh1 Rf4 36. Rh3 Rd4 37. a5 bxa5 38. Rxa5 Nf4 39. Rf3 Nxd5 40. Rxd5 Rxd5 41. cxd5 Rb7 42. Rf6 Rxb3 43. Rxd6 Rh3+ 44. Kg2 Rxh4 45. Rd7+ Kf8 46. Kg3 Rd4 47. d6 Ke8 1/2-1/2

[Event "Langenfeld- Katernberg 3"]
[Site "?"]
[Date "2023.11.12"]
[Round "3.3"]
[White "Gorainow, Nikita"]
[Black "Reinemer, Frank"]
[Result "0-1"]
[WhiteElo "2032"]
[BlackElo "2082"]
[PlyCount "54"]
[EventDate "2023.??.??"]

1. e4 Nf6 2. e5 Nd5 3. d4 d6 4. Nf3 g6 5. Bc4 Nb6 6. Bb3 Bg7 7. O-O O-O 8. h3 Nc6 9. Bf4 dxe5 10. dxe5 Qxd1 11. Rxd1 Na5 12. Nc3 c6 13. Be3 Nbc4 14. Bc5 Re8 15. Re1 Nxb2 16. Nd2 Bh6 17. Nce4 Bf5 18. Rab1 Rad8 19. Bb4 Bxe4 20. Bxa5 Bxd2 21. Bxd2 Rxd2 22. Rxe4 Nd1 23. Rf4 e6 24. Rf3 Red8 25. Kf1 b5 26. a4 b4 27. Ke1 Nc3 0-1

[Event "Langenfeld- Katernberg 3"]
[Site "?"]
[Date "2023.11.12"]
[Round "3.4"]
[White "Reuter, Michael"]
[Black "Heldt, Maximilian"]
[Result "0-1"]
[WhiteElo "2065"]
[BlackElo "2049"]
[PlyCount "58"]
[EventDate "2023.??.??"]

1. d4 Nf6 2. Nf3 c5 3. c3 e6 4. e3 d5 5. Bd3 Bd6 6. Nbd2 O-O 7. Qe2 Nbd7 8. e4 e5 9. dxe5 Nxe5 10. Nxe5 Bxe5 11. O-O Re8 12. f4 dxe4 13. Bb5 Bg4 14. Qe1 Bc7 15. Bxe8 Qxe8 16. Nc4 Rd8 17. Ne3 Be6 18. b3 c4 19. bxc4 Bb6 20. Kh1 Qc6 21. Ba3 Rd3 22. c5 Bxc5 23. Bxc5 Qxc5 24. Nd1 e3 25. Nb2 Rd2 26. Rd1 Qxc3 27. Rxd2 exd2 28. Qe5 Qc1 29. Nd1 h6 0-1

[Event "Langenfeld- Katernberg 3"]
[Site "?"]
[Date "2023.11.12"]
[Round "3.5"]
[White "Gallas, Noel"]
[Black "Pejkovich, Patrick"]
[Result "1-0"]
[WhiteElo "1916"]
[BlackElo "2102"]
[PlyCount "121"]
[EventDate "2023.??.??"]

1. e4 c6 2. d4 d5 3. Nd2 dxe4 4. Nxe4 Nf6 5. Nxf6+ exf6 6. c3 Bd6 7. Bd3 O-O 8. Ne2 Re8 9. O-O Nd7 10. Ng3 Nf8 11. Nf5 Bxf5 12. Bxf5 Qa5 13. Bd3 c5 14. dxc5 Qxc5 15. Be3 Qc7 16. h3 Rad8 17. Qc2 Bc5 18. Bxc5 Qxc5 19. b4 Qc7 20. Rfd1 g6 21. Be4 Rxd1+ 22. Rxd1 Rc8 23. Rc1 b6 24. Bd5 Qd6 25. Qb3 Rc7 26. Rd1 Qe5 27. c4 Kg7 28. a4 Nd7 29. g3 Qh5 30. Kg2 Ne5 31. Re1 g5 32. Qc3 g4 33. Rh1 Qf5 34. hxg4 Qxg4 35. Rh4 Qe2 36. Qc1 h5 37. Qf4 Re7 38. Bf3 Ng6 39. Bxe2 Nxf4+ 40. Rxf4 Rxe2 41. a5 Rb2 42. axb6 axb6 43. b5 Rc2 44. Kf3 f5 45. Rxf5 Rxc4 46. Rxh5 Kf6 47. Rh6+ Kf5 48. Rxb6 Rc3+ 49. Kg2 Rb3 50. Rb8 Rb2 51. b6 Kf6 52. g4 Rb3 53. f3 Kg6 54. Kg3 Kg7 55. g5 f6 56. gxf6+ Kxf6 57. b7 Kg7 58. Kg4 Rb5 59. f4 Kh7 60. f5 Rb4+ 61. Kf3 1-0

[Event "Langenfeld- Katernberg 3"]
[Site "?"]
[Date "2023.11.12"]
[Round "3.7"]
[White "Geerlings, Gerd"]
[Black "Hendrichs, Udo"]
[Result "1-0"]
[WhiteElo "2297"]
[BlackElo "1965"]
[PlyCount "89"]
[EventDate "2023.??.??"]

1. Nf3 d5 2. b3 e6 3. Bb2 f5 4. e3 Nf6 5. d4 c6 6. Bd3 Bd6 7. O-O O-O 8. Ne5 Nbd7 9. Nd2 Bc7 10. f3 Bb6 11. Qe2 Qe8 12. Kh1 Qh5 13. g4 Qh6 14. Rg1 Nxe5 15. g5 Qh4 16. gxf6 Nxd3 17. Rxg7+ Kh8 18. cxd3 Bd8 19. Rag1 Bxf6 20. Qg2 Bd7 21. Rxd7 Rg8 22. Qf1 Rxg1+ 23. Qxg1 Rg8 24. Qf1 f4 25. e4 Qh5 26. e5 Bh4 27. Ba3 Qe8 28. Rxb7 Qc8 29. Rxa7 Qb8 30. Bc5 Qe8 31. a4 Rg6 32. Rb7 Qa8 33. Rf7 Rg8 34. Qh3 Qe8 35. Rb7 Qg6 36. Qf1 h5 37. Be7 Bxe7 38. Rxe7 Qf5 39. a5 h4 40. h3 Rg3 41. Kh2 Qf8 42. Rxe6 Qb4 43. Qf2 Qxa5 44. Rh6+ Kg7 45. Rxh4 1-0

[Event "Südlohn- Raesfeld"]
[Site "?"]
[Date "2023.11.12"]
[Round "3.1"]
[White "Wilger, Frank"]
[Black "Mamedov, Aflatun"]
[Result "1/2-1/2"]
[WhiteElo "2111"]
[BlackElo "2166"]
[PlyCount "134"]
[EventDate "2023.??.??"]

1. d4 Nf6 2. Nf3 g6 3. b3 Bg7 4. e3 d6 5. Bb2 O-O 6. Be2 a5 7. O-O c6 8. c4 Na6 9. Nc3 Qc7 10. a3 Rb8 11. h3 h6 12. Rc1 e5 13. dxe5 dxe5 14. Qc2 Nc5 15. Nd2 Bf5 16. e4 Bd7 17. Rfe1 Ne6 18. Nd1 Rbd8 19. b4 axb4 20. axb4 Nf4 21. Nf3 Nxe2+ 22. Rxe2 Nh5 23. Ne3 Nf4 24. Rd2 Be6 25. Rcd1 Rxd2 26. Qxd2 Ra8 27. Qc2 f6 28. Qd2 Bf8 29. Ng4 Bg7 30. Qc2 h5 31. Ne3 Qf7 32. Kh2 Bf8 33. Qc3 Re8 34. h4 Bh6 35. g3 Bg4 36. Nxg4 hxg4 37. Ne1 Ne6 38. Qc2 Bf8 39. c5 Ra8 40. Qe2 Ra2 41. Nd3 Bg7 42. Qxg4 f5 43. exf5 gxf5 44. Qc4 Nd4 45. Qxf7+ Kxf7 46. Nxe5+ Bxe5 47. Bxd4 Bxd4 48. Rxd4 Rxf2+ 49. Kg1 Rb2 50. Rd7+ Kg6 51. Rxb7 Kh5 52. Rg7 f4 53. Rg5+ Kh6 54. g4 f3 55. Kf1 Rxb4 56. Kf2 Rf4 57. Re5 Rxg4 58. Kxf3 Rxh4 59. Re6+ Kg5 60. Rxc6 Kf5 61. Ke3 Ke5 62. Rg6 Rh3+ 63. Kd2 Kd4 64. c6 Rh2+ 65. Kd1 Kc5 66. c7 Rh8 67. c8=Q+ Rxc8 1/2-1/2